[Event "2CLB1617, Unichess'B'-Liberec"]
[Site "Praha"]
[Date "2017.01.15"]
[Round "6.8"]
[White "Prazak, Ondrej"]
[Black "Popper, Tomas"]
[Result "1-0"]
[BlackElo "2044"]
[WhiteElo "2045"]
[WhiteTeam "Desko Liberec"]
[BlackTeam "Unichess B"]
[LiveChessVersion "1.4.8"]

1. d4 {[%clk 1:26:41]} Nf6 {[%clk 1:30:49]} 2. c4 {[%clk 1:26:02]} c5
{[%clk 1:31:08]} 3. Nf3 {[%clk 1:24:08]} cxd4 {[%clk 1:30:17]} 4. Nxd4
{[%clk 1:23:47]} Nc6 {[%clk 1:30:39]} 5. Nc3 {[%clk 1:21:20]} g6 {[%clk 1:28:30]}
6. g3 {[%clk 1:18:41]} Bg7 {[%clk 1:27:59]} 7. Bg2 {[%clk 1:17:46]} O-O
{[%clk 1:28:15]} 8. O-O {[%clk 1:16:49]} a6 {[%clk 1:28:32]} 9. b3
{[%clk 1:10:45]} e6 {[%clk 1:23:54]} 10. Bb2 {[%clk 1:08:46]} Qa5
{[%clk 1:23:19]} 11. Rc1 {[%clk 1:05:37]} Nxd4 {[%clk 1:13:59]} 12. Qxd4
{[%clk 1:04:57]} Nd5 {[%clk 1:14:18]} 13. Qd2 {[%clk 1:02:42]} Nxc3
{[%clk 1:13:07]} 14. Bxc3 {[%clk 1:02:27]} Bxc3 {[%clk 1:13:33]} 15. Rxc3
{[%clk 1:01:58]} Rb8 {[%clk 1:13:48]} 16. Rd3 {[%clk 0:55:53]} Qxd2
{[%clk 1:11:51]} 17. Rxd2 {[%clk 0:56:08]} b6 {[%clk 1:12:05]} 18. Rfd1
{[%clk 0:52:16]} Re8 {[%clk 1:12:30]} 19. Rd6 {[%clk 0:51:09]} Kf8
{[%clk 1:12:22]} 20. e4 {[%clk 0:48:36]} Ke7 {[%clk 1:10:58]} 21. e5
{[%clk 0:47:40]} f6 {[%clk 1:10:25]} 22. exf6+ {[%clk 0:42:38]} Kxf6
{[%clk 1:10:14]} 23. f4 {[%clk 0:41:24]} Ke7 {[%clk 1:09:52]} 24. Kf2
{[%clk 0:40:53]} Rf8 {[%clk 1:10:12]} 25. Ke3 {[%clk 0:40:04]} Rd8
{[%clk 1:06:16]} 26. Be4 {[%clk 0:36:45]} Rf8 {[%clk 1:06:14]} 27. R1d2
{[%clk 0:35:21]} Rf7 {[%clk 1:05:34]} 28. h4 {[%clk 0:33:32]} Rg7
{[%clk 1:03:36]} 29. Kf3 {[%clk 0:27:52]} h6 {[%clk 1:02:08]} 30. Kg4
{[%clk 0:23:15]} Kf6 {[%clk 1:01:57]} 31. R2d3 {[%clk 0:20:03]} Bb7
{[%clk 0:57:59]} 32. Kf3 {[%clk 0:17:42]} Bxe4+ {[%clk 0:57:24]} 33. Kxe4
{[%clk 0:18:00]} Rb7 {[%clk 0:57:52]} 34. g4 {[%clk 0:15:31]} g5 {[%clk 0:57:30]}
35. hxg5+ {[%clk 0:14:27]} hxg5 {[%clk 0:57:55]} 36. f5 {[%clk 0:14:25]} Rh7
{[%clk 0:56:51]} 37. fxe6 {[%clk 0:13:59]} dxe6 {[%clk 0:57:18]} 38. Rf3+
{[%clk 0:13:27]} Ke7 {[%clk 0:57:00]} 39. Ke5 {[%clk 0:12:18]} Rh6
{[%clk 0:56:42]} 40. Rfd3 {[%clk 0:11:57]} Rc7 {[%clk 0:45:38]} 41. Rxb6
{[%clk 0:06:57]} Rc5+ {[%clk 0:45:21]} 42. Kd4 {[%clk 0:06:39]} Ra5
{[%clk 0:45:36]} 43. Rb7+ {[%clk 0:06:24]} Kd6 {[%clk 0:45:41]} 44. a4
{[%clk 0:25:35]} Rh4 {[%clk 1:16:15]} 45. Rb6+ {[%clk 0:22:21]} Ke7
{[%clk 1:06:37]} 46. Re3 {[%clk 0:21:46]} Rxg4+ {[%clk 1:06:57]} 47. Kc3
{[%clk 0:22:01]} Rf4 {[%clk 1:04:53]} 48. Rexe6+ {[%clk 0:20:28]} Kf7
{[%clk 1:04:14]} 49. Rxa6 {[%clk 0:19:21]} g4 {[%clk 0:53:46]} 50. Rxa5
{[%clk 0:16:12]} Kxe6 {[%clk 0:54:04]} 51. Rd5 {[%clk 0:16:19]} Kf6
{[%clk 0:52:22]} 52. a5 {[%clk 0:15:37]} g3 {[%clk 0:51:10]} 53. Rd1
{[%clk 0:14:47]} Ke5 {[%clk 0:47:01]} 54. a6 {[%clk 0:11:48]} Rf7
{[%clk 0:43:37]} 55. Rg1 {[%clk 0:11:03]} Rg7 {[%clk 0:43:43]} 56. a7
{[%clk 0:11:05]} Rxa7 {[%clk 0:44:06]} 57. Rxg3 {[%clk 0:11:23]} Rf7
{[%clk 0:44:25]} 58. Rd3 {[%clk 0:11:34]} Rf1 {[%clk 0:44:41]} 59. Kb4
{[%clk 0:11:24]} Rf7 {[%clk 0:44:50]} 60. c5 {[%clk 0:11:24]} Rb7+
{[%clk 0:45:05]} 61. Kc4 {[%clk 0:11:35]} 1-0